| Tag |
First Indicator |
Second Indicator |
Subfields |
| LEADER |
00000nam a2200000 4500 |
| 001 |
in00004339521 |
| 005 |
20200812100207.0 |
| 006 |
m g d |
| 007 |
cr bn |||a|bb| |
| 008 |
860116s1641 enk o 00| | eng d |
| 035 |
|
|
|a (UnM)99859806
|
| 037 |
|
|
|a CL0051000001
|b ProQuest Information and Learning. 300 N. Zeeb Rd., Ann Arbor, MI 48106
|
| 040 |
|
|
|a Cu-RivES
|c Cu-RivES
|d CStRLIN
|e dcrb
|d WaOLN
|
| 100 |
1 |
|
|a Walker, Henry,
|c Ironmonger.
|
| 245 |
1 |
2 |
|a A gad of steele, :
|b wrought and tempered for the heart to defend it from being battred by Sathans temptation, and to give it a sharpe and lasting edge in heavenly consolation. Shevving that Deus est optima possessio, God is the best possession. /
|c By Hen. Walker, SS. Theolog.
|
| 260 |
|
|
|a London :
|b Printed by B. A. and T. F.,
|c 1641.
|
| 300 |
|
|
|a 1 online resource ([4], 8 pages)
|
| 336 |
|
|
|a text
|b txt
|2 rdacontent
|
| 337 |
|
|
|a computer
|b c
|2 rdamedia
|
| 338 |
|
|
|a online resource
|b cr
|2 rdacarrier
|
| 500 |
|
|
|a Thomason copy imperfect: staining, primarily on t.p.
|
| 500 |
|
|
|a Annotation on Thomason copy: "An ironmonger"; "this Walker was admitted into orders by Laud Arch. Bish. of Canterbury".
|
| 500 |
|
|
|a Reproduction of the original in the British Library.
|
| 510 |
4 |
|
|a Wing (2nd edition)
|c W376.
|
| 510 |
4 |
|
|a Thomason
|c E.204[11].
|
| 533 |
|
|
|a Electronic reproduction.
|b Ann Arbor, Mich. :
|c UMI,
|d 1999-
|f (Early English books online)
|n Digital version of: (Thomason Tracts ; 36:E204[11])
|7 s1999 miun s
|
| 650 |
|
0 |
|a God
|x Worship and love
|v Early works to 1800.
|
| 830 |
|
0 |
|a Early English books online.
|
| 856 |
4 |
0 |
|u http://proxy.library.tamu.edu/login?url=https://search.proquest.com/docview/2240877635
|z Connect to the full text of this electronic book
|t 0
|
| 999 |
f |
f |
|s 5c86fa60-b38c-3d44-89d2-ff02b5afe8ed
|i 6e4d8887-33a6-3d14-9cef-1db470c3e301
|t 0
|
| 952 |
f |
f |
|a Texas A&M University
|b College Station
|c Electronic Resources
|d Available Online
|t 0
|h No information provided
|
| 998 |
f |
f |
|t 0
|l Available Online
|